[Event "100 Jahre Schvgg Blankenese - Open 2023"]
[Site "Lise-Meitner-Gymnasium (HH)"]
[Date "2023.10.03"]
[Round "7.6"]
[White "Kotyk, Michael"]
[Black "Stiller, Maximilian"]
[Result "1-0"]
[WhiteElo "2225"]
[BlackElo "1715"]
[PlyCount "65"]
[EventDate "2023.09.30"]
[EventType "swiss"]
[EventRounds "7"]
[WhiteTeam "Hamburger SK von 1830 eV"]
[BlackTeam "Hagener SV"]

1. d4 c6 2. c4 Nf6 3. Nc3 d5 4. cxd5 cxd5 5. Bf4 Nc6 6. e3 e6 7. Bd3 Bd6 8.
Bxd6 Qxd6 9. f4 O-O 10. Nf3 a6 11. O-O b5 12. Ne5 Bb7 13. Rc1 Rac8 14. Qf3 Ne7
15. g4 Ng6 16. g5 Nd7 17. h4 Ndxe5 18. fxe5 Qe7 19. Qg3 Rfd8 20. Rf2 b4 21. Ne2
Rxc1+ 22. Nxc1 Nf8 23. Ne2 Rc8 24. h5 g6 25. hxg6 hxg6 26. Rh2 Nh7 27. Qh3
Qxg5+ 28. Kf2 Qh5 29. Qg2 Qg5 30. Qh1 Nf8 31. Nf4 Qe7 32. Rh8+ Kg7 33. Qh6# 1-0

[Event "100 Jahre Schvgg Blankenese - Open 2023"]
[Site "Lise-Meitner-Gymnasium (HH)"]
[Date "2023.10.03"]
[Round "7.7"]
[White "Bracker, Arne"]
[Black "Kahlert, Thomas"]
[Result "1-0"]
[WhiteElo "2280"]
[BlackElo "2111"]
[PlyCount "69"]
[EventDate "2023.09.30"]
[EventType "swiss"]
[EventRounds "7"]
[WhiteTeam "Hamburger SK von 1830 eV"]
[BlackTeam "FC ST.Pauli 1910 eV SAbt"]

1. e4 e5 2. Nf3 Nc6 3. Bb5 a6 4. Ba4 Nf6 5. O-O Be7 6. Re1 b5 7. Bb3 d6 8. c3
O-O 9. h3 Na5 10. Bc2 c5 11. d4 Qc7 12. d5 Bd7 13. b3 Ne8 14. Nbd2 g6 15. Nf1
Ng7 16. Bh6 f6 17. g4 Nb7 18. Ng3 Nd8 19. Qd2 Nf7 20. Be3 Kh8 21. Kh2 Qc8 22.
Rg1 Ng5 23. Nh4 Nxh3 24. Kxh3 Bxg4+ 25. Kg2 f5 26. Bg5 Qd8 27. Bxe7 Qxe7 28.
Rh1 Rf6 29. f3 f4 30. fxg4 fxg3 31. g5 Nh5 32. gxf6 Qxf6 33. Raf1 Nf4+ 34. Rxf4
exf4 35. Qxf4 1-0

[Event "100 Jahre Schvgg Blankenese - Open 2023"]
[Site "Lise-Meitner-Gymnasium (HH)"]
[Date "2023.10.03"]
[Round "7.8"]
[White "Hebbinghaus, Holger"]
[Black "Atri, Jamshid"]
[Result "1-0"]
[WhiteElo "2179"]
[BlackElo "1948"]
[PlyCount "159"]
[EventDate "2023.09.30"]
[EventType "swiss"]
[EventRounds "7"]
[WhiteTeam "SK Doppelbauer Kiel von 1910 e.V"]
[BlackTeam "Hamburger SK von 1830 eV"]

1. c4 Nf6 2. Nf3 e6 3. g3 d5 4. Bg2 Be7 5. O-O O-O 6. d4 dxc4 7. Qc2 a6 8. a4
Bd7 9. Qxc4 Bc6 10. Bg5 Nbd7 11. Nc3 a5 12. Qd3 h6 13. Bxf6 Nxf6 14. Ne5 Bxg2
15. Kxg2 c6 16. Rfd1 Qd6 17. Nc4 Qc7 18. Rac1 Rfd8 19. Qf3 Rac8 20. e3 Bb4 21.
Na2 Bf8 22. Nc3 Rb8 23. h4 Nd5 24. Ne5 Bd6 25. Nb5 Qe7 26. Nxd6 Rxd6 27. Nd3
Rdd8 28. Qe4 Rdc8 29. Qf3 Nb6 30. Nc5 Nd5 31. Nd3 Rc7 32. Qe2 Rbc8 33. Qd2 b6
34. Rc2 g5 35. hxg5 hxg5 36. e4 Nb4 37. Nxb4 axb4 38. Rh1 f6 39. Rcc1 Kg7 40.
Qe2 Qf7 41. Qg4 Qg6 42. Rh5 f5 43. exf5 exf5 44. Qxg5 Qxg5 45. Rxg5+ Kf6 46.
Rh5 Rg7 47. Rh6+ Rg6 48. Rxg6+ Kxg6 49. Rc4 c5 50. dxc5 bxc5 51. Kf3 Kf6 52.
Ke3 Ke5 53. b3 Kd5 54. Kd3 Re8 55. Rf4 Re5 56. Rf3 Kc6 57. Re3 Rd5+ 58. Kc2 Rd4
59. Re6+ Kd5 60. Re8 Kc6 61. Rc8+ Kb6 62. a5+ Kb5 63. a6 Rd7 64. Rf8 Ra7 65.
Rf6 Ra8 66. Kb2 Ra7 67. f3 Ra8 68. Kc1 Ra7 69. Kd2 Rg7 70. Rxf5 Rxg3 71. a7 Rg8
72. Rf7 Ra8 73. f4 Kc6 74. f5 Kd6 75. Kd3 Kd5 76. Re7 Kc6 77. f6 Rd8+ 78. Kc2
Kd6 79. Rb7 Rh8 80. Rb8 1-0

[Event "100 Jahre Schvgg Blankenese - Open 2023"]
[Site "Lise-Meitner-Gymnasium (HH)"]
[Date "2023.10.03"]
[Round "7.9"]
[White "Bräutigam, Katerina"]
[Black "Parvanyan, Alfred"]
[Result "0-1"]
[WhiteElo "1957"]
[BlackElo "2161"]
[PlyCount "72"]
[EventDate "2023.09.30"]
[EventType "swiss"]
[EventRounds "7"]
[WhiteTeam "SK Doppelbauer Kiel von 1910 e.V"]
[BlackTeam "SK Norderstedt von 1975"]

1. e4 e6 2. d4 b6 3. Bd3 Bb7 4. Nf3 c5 5. c3 Nf6 6. Qe2 d6 7. O-O h6 8. h3 Be7
9. Rd1 O-O 10. e5 Ne8 11. Bc2 d5 12. Qd3 f5 13. exf6 Nxf6 14. Bxh6 Ne4 15. Bc1
Bh4 16. Nxh4 Qxh4 17. f3 Qf2+ 18. Kh2 Ba6 19. Qe3 Qxc2 20. Re1 cxd4 21. cxd4
Qc7+ 22. Kg1 Nf6 23. Qxe6+ Kh8 24. Qf5 Qg3 25. Rd1 Bc8 26. Qe5 Qg6 27. Kh1 Re8
28. Qc7 Na6 29. Qc6 Bd7 30. Qd6 Re2 31. Rg1 Rae8 32. Nc3 Rxg2 33. Bf4 Bxh3 34.
Nxd5 Ree2 35. Qd8+ Kh7 36. Nxf6+ gxf6 0-1

[Event "100 Jahre Schvgg Blankenese - Open 2023"]
[Site "Lise-Meitner-Gymnasium (HH)"]
[Date "2023.10.03"]
[Round "7.11"]
[White "Reuter, Maximilian"]
[Black "Oest, Thorsten"]
[Result "1/2-1/2"]
[WhiteElo "1901"]
[BlackElo "1984"]
[PlyCount "75"]
[EventDate "2023.09.30"]
[EventType "swiss"]
[EventRounds "7"]
[WhiteTeam "SchVgg Blankenese von 1923 e.V."]
[BlackTeam "SAbt MTV Salzhausen"]

1. d4 Nf6 2. Bf4 d5 3. e3 c5 4. Nf3 Nc6 5. Nbd2 e6 6. c3 Bd6 7. Bg3 O-O 8. Bd3
a6 9. Qe2 Re8 10. Ne5 c4 11. Bc2 Qc7 12. f4 b5 13. Bh4 Be7 14. O-O Bb7 15. Qf3
Ne4 16. Bxe7 f5 17. Nxe4 dxe4 18. Qh5 Nxe5 19. fxe5 Qxe7 20. g4 g6 21. Qh6 Bd5
22. gxf5 exf5 23. h4 Qg7 24. Qxg7+ Kxg7 25. Kf2 Ra7 26. Kg3 Rb7 27. a3 a5 28.
Kf4 a4 29. Rg1 h6 30. Rg2 h5 31. Rag1 Rb6 32. Bd1 Rh8 33. Rg5 Kf7 34. Be2 Re6
35. Kg3 Rc6 36. Rf1 Re6 37. Bd1 Rc6 38. Be2 1/2-1/2

[Event "100 Jahre Schvgg Blankenese - Open 2023"]
[Site "Lise-Meitner-Gymnasium (HH)"]
[Date "2023.10.03"]
[Round "7.12"]
[White "Spät, Alexander"]
[Black "Steinbrenner, Jürg"]
[Result "0-1"]
[WhiteElo "1978"]
[BlackElo "1948"]
[PlyCount "60"]
[EventDate "2023.09.30"]
[EventType "swiss"]
[EventRounds "7"]
[WhiteTeam "SC Sternschanze von 1911 e.V."]
[BlackTeam "FC ST.Pauli 1910 eV SAbt"]

1. e4 Nf6 2. e5 Nd5 3. d4 d6 4. c4 Nb6 5. f4 dxe5 6. fxe5 Nc6 7. Be3 Bf5 8. Nc3
e6 9. Be2 Bb4 10. Nf3 Qe7 11. O-O Bxc3 12. bxc3 O-O-O 13. c5 Nd5 14. Bd2 f6 15.
Bb5 Nxe5 16. Nxe5 fxe5 17. c6 exd4 18. Qa4 Kb8 19. cxd4 Nb6 20. Qb3 Rxd4 21.
Bc3 Rg4 22. Rad1 Qc5+ 23. Kh1 Be4 24. Rd2 Qg5 25. Rff2 h5 26. Bc4 Bxc6 27. Bxe6
Re4 28. Rfe2 Rf8 29. Qd1 Rxe2 30. Qxe2 Qxg2+ 0-1

[Event "100 Jahre Schvgg Blankenese - Open 2023"]
[Site "Lise-Meitner-Gymnasium (HH)"]
[Date "2023.10.03"]
[Round "7.13"]
[White "Harms, Friedjof"]
[Black "Keyser, Robin"]
[Result "0-1"]
[WhiteElo "1889"]
[BlackElo "2191"]
[PlyCount "120"]
[EventDate "2023.09.30"]
[EventType "swiss"]
[EventRounds "7"]
[WhiteTeam "SV Bad Bevensen"]
[BlackTeam "SK Johanneum Eppendorf"]

1. e4 e6 2. d4 d5 3. Nc3 Bb4 4. e5 c5 5. a3 Bxc3+ 6. bxc3 Ne7 7. Qg4 Qc7 8.
Qxg7 Rg8 9. Qxh7 cxd4 10. Ne2 Nbc6 11. f4 dxc3 12. Qd3 d4 13. Nxd4 Nxd4 14.
Qxd4 Bd7 15. a4 Nf5 16. Qf2 Qc6 17. Rg1 Qe4+ 18. Qe2 Qd5 19. Qc4 Qxc4 20. Bxc4
Nd4 21. Kf2 Nxc2 22. Rb1 O-O-O 23. Bb5 a6 24. Bxd7+ Rxd7 25. Be3 Nxe3 26. Kxe3
c2 27. Rbc1 Rc7 28. g3 Kb8 29. Rg2 Rgc8 30. a5 Rc3+ 31. Kd2 R3c5 32. Re2 Rxa5
33. Rxc2 Rd8+ 34. Kc1 Ra1+ 35. Kb2 Rad1 36. Re3 b5 37. Rec3 R8d7 38. Rc8+ Kb7
39. h4 Rg1 40. Rg8 Rh1 41. Rg7 Rdd1 42. Rxf7+ Kb6 43. Rf6 b4 44. Rxe6+ Kb5 45.
Re2 Rb1+ 46. Ka2 a5 47. Re8 Ka4 48. Rb8 b3+ 49. Rxb3 Ra1+ 50. Kb2 Rhb1+ 51. Kc2
Rxb3 52. Re4+ Rb4 53. Rxb4+ axb4 54. e6 b3+ 55. Kd2 Ra2+ 56. Ke3 Kb4 57. e7 Ra8
58. f5 b2 59. f6 b1=Q 60. g4 Qg6 0-1

[Event "100 Jahre Schvgg Blankenese - Open 2023"]
[Site "Lise-Meitner-Gymnasium (HH)"]
[Date "2023.10.03"]
[Round "7.14"]
[White "Helms, Finn"]
[Black "Thomas, Jeremy"]
[Result "1/2-1/2"]
[WhiteElo "2065"]
[BlackElo "1903"]
[PlyCount "61"]
[EventDate "2023.09.30"]
[EventType "swiss"]
[EventRounds "7"]
[WhiteTeam "SAbt SV Werder Bremen"]
[BlackTeam "Blau-Weiss Buchholz"]

1. e4 c5 2. Nf3 d6 3. d4 cxd4 4. Nxd4 Nf6 5. Nc3 a6 6. f3 e5 7. Nb3 Be7 8. Be3
Be6 9. Qd2 h5 10. Nd5 Bxd5 11. exd5 Nbd7 12. Na5 Qc7 13. O-O-O Nb6 14. Bxb6
Qxb6 15. Kb1 Nd7 16. c4 Bf6 17. Bd3 e4 18. Bxe4 Nc5 19. Rhe1 O-O 20. Rc1 Rfe8
21. a3 Nb3 22. Nxb3 Qxb3 23. Re2 a5 24. Qd3 Qb6 25. b3 Qc5 26. Ka2 Re5 27. Rce1
Rae8 28. g3 g6 29. Qe3 Qc7 30. Qd3 Bg7 31. f4 1/2-1/2

[Event "100 Jahre Schvgg Blankenese - Open 2023"]
[Site "Lise-Meitner-Gymnasium (HH)"]
[Date "2023.10.03"]
[Round "7.15"]
[White "Pienski, Olaf"]
[Black "Braeutigam, Alexander"]
[Result "0-1"]
[WhiteElo "1906"]
[BlackElo "2006"]
[PlyCount "84"]
[EventDate "2023.09.30"]
[EventType "swiss"]
[EventRounds "7"]
[WhiteTeam "SF Leherheide von 1950"]
[BlackTeam "SK Doppelbauer Kiel von 1910 e.V"]

1. e4 c5 2. Nf3 d6 3. d4 cxd4 4. Nxd4 Nf6 5. Nc3 a6 6. g3 e5 7. Nde2 b5 8. Bg2
Bb7 9. O-O Be7 10. h3 Nbd7 11. g4 Nc5 12. Ng3 b4 13. Nd5 Nxd5 14. exd5 O-O 15.
Be3 Qc7 16. Qd2 a5 17. a3 Na4 18. Rfb1 Nb6 19. b3 Rfc8 20. Be4 g6 21. axb4 axb4
22. Rxa8 Rxa8 23. Rd1 Ra5 24. Qxb4 Nxd5 25. Rxd5 Bxd5 26. Bxd5 Rxd5 27. c4 Rd1+
28. Nf1 d5 29. Qa4 dxc4 30. bxc4 Rd8 31. Qb5 Re8 32. Qd5 Rc8 33. Nd2 Bc5 34.
Bg5 Be7 35. Be3 Qd6 36. Qe4 Qe6 37. Nf3 Bd6 38. c5 Bxc5 39. Qxe5 Qxe5 40. Nxe5
Bxe3 41. fxe3 Re8 42. Nc4 Re4 0-1

[Event "100 Jahre Schvgg Blankenese - Open 2023"]
[Site "Lise-Meitner-Gymnasium (HH)"]
[Date "2023.10.03"]
[Round "7.16"]
[White "Lehmkuhl, Stefan"]
[Black "Annegarn, Alexander"]
[Result "0-1"]
[WhiteElo "1811"]
[BlackElo "2004"]
[PlyCount "58"]
[EventDate "2023.09.30"]
[EventType "swiss"]
[EventRounds "7"]
[WhiteTeam "SF Buxtehude"]
[BlackTeam "Schachgemeinschaft Turm Rietberg"]

1. d4 b5 2. c3 Bb7 3. Qb3 a6 4. a4 Nf6 5. axb5 Bd5 6. c4 Bxc4 7. Qc2 Bxb5 8.
Nc3 Nc6 9. Nf3 e6 10. Bf4 Nb4 11. Qc1 Nfd5 12. Bd2 Bc4 13. e4 Bxf1 14. Kxf1 Nd3
15. Qb1 N5b4 16. g3 c5 17. d5 Rb8 18. Kg2 c4 19. Be3 Bc5 20. Bxc5 Nxc5 21. dxe6
fxe6 22. Ne5 Qc7 23. f4 d6 24. Nxc4 Nb3 25. Qd1 Qxc4 26. Qxd6 Rd8 27. Qe5 Rd2+
28. Kh3 O-O 29. Rad1 Nd3 0-1

[Event "100 Jahre Schvgg Blankenese - Open 2023"]
[Site "Lise-Meitner-Gymnasium (HH)"]
[Date "2023.10.03"]
[Round "7.20"]
[White "Rolf, Marco"]
[Black "Schacht, David"]
[Result "1-0"]
[WhiteElo "2045"]
[BlackElo "1665"]
[PlyCount "37"]
[EventDate "2023.09.30"]
[EventType "swiss"]
[EventRounds "7"]
[WhiteTeam "SK 1980 Gernsheim"]
[BlackTeam "SchVgg Blankenese von 1923 e.V."]

1. d4 d5 2. c4 e6 3. Nc3 Nf6 4. cxd5 exd5 5. Bg5 Be7 6. e3 O-O 7. Bd3 Be6 8.
Nge2 c6 9. O-O Ne4 10. Bxe7 Nxc3 11. Bxd8 Nxd1 12. Be7 Nxb2 13. Bxh7+ Kxh7 14.
Bxf8 Nc4 15. a4 Nd7 16. Bb4 a5 17. Bc3 b5 18. axb5 cxb5 19. Rfb1 1-0

[Event "100 Jahre Schvgg Blankenese - Open 2023"]
[Site "Lise-Meitner-Gymnasium (HH)"]
[Date "2023.10.03"]
[Round "7.21"]
[White "Alieksieiev, Oleksii"]
[Black "Porth, Hartmut"]
[Result "0-1"]
[WhiteElo "1637"]
[BlackElo "2028"]
[PlyCount "26"]
[EventDate "2023.09.30"]
[EventType "swiss"]
[EventRounds "7"]
[WhiteTeam "Hamburger SK von 1830 eV"]
[BlackTeam "SV Bargteheide"]

1. d4 d5 2. c4 Nc6 3. Nf3 Bg4 4. Bf4 e6 5. e3 Bd6 6. Bg3 h5 7. c5 h4 8. cxd6
hxg3 9. dxc7 Qxc7 10. h3 Nf6 11. Be2 Ne4 12. O-O gxf2+ 13. Rxf2 Qg3 0-1

[Event "100 Jahre Schvgg Blankenese - Open 2023"]
[Site "Lise-Meitner-Gymnasium (HH)"]
[Date "2023.10.03"]
[Round "7.22"]
[White "Kraft, Gerhard"]
[Black "Eichstädt, Enrico"]
[Result "0-1"]
[WhiteElo "1635"]
[BlackElo "1908"]
[PlyCount "126"]
[EventDate "2023.09.30"]
[EventType "swiss"]
[EventRounds "7"]
[WhiteTeam "SchVgg Blankenese von 1923 e.V."]
[BlackTeam "SK Norderstedt von 1975"]

1. e4 c5 2. Nf3 g6 3. c3 Bg7 4. d4 cxd4 5. cxd4 d5 6. e5 f6 7. Bb5+ Bd7 8.
Bxd7+ Qxd7 9. Qe2 e6 10. O-O Nc6 11. Nc3 fxe5 12. dxe5 Nge7 13. Bf4 O-O 14. Qd2
Rad8 15. Rad1 Na5 16. b3 Nec6 17. Rfe1 Qf7 18. Bh6 Bxh6 19. Qxh6 Rde8 20. Nb5
Qf4 21. Qh3 Re7 22. Nbd4 Nxd4 23. Rxd4 Qf5 24. Rh4 Qxh3 25. Rxh3 Rc8 26. Nd4 a6
27. f4 Rf8 28. Rf3 Nc6 29. Nc2 Ref7 30. g3 g5 31. Ref1 gxf4 32. Rxf4 Nxe5 33.
Rxf7 Rxf7 34. Rd1 Nc6 35. Kg2 Kf8 36. g4 Ke7 37. Kg3 Kd6 38. Ne3 b5 39. a4 Ne5
40. Re1 bxa4 41. bxa4 Rb7 42. Nc2 Rb3+ 43. Re3 Rxe3+ 44. Nxe3 Nc4 45. Nd1 Nb6
46. Nc3 Ke5 47. a5 Nc4 48. Na4 Kd4 49. g5 Nxa5 50. Kg4 Nc6 51. Kh5 Ne5 52. h4
Nf7 53. g6 hxg6+ 54. Kxg6 Nh8+ 55. Kg7 e5 56. Nb2 e4 57. h5 e3 58. h6 e2 59.
Kxh8 e1=Q 60. h7 Qg1 61. Nc4 Qa1 62. Kg8 Kxc4 63. h8=Q Qxh8+ 0-1

[Event "100 Jahre Schvgg Blankenese - Open 2023"]
[Site "Lise-Meitner-Gymnasium (HH)"]
[Date "2023.10.03"]
[Round "7.23"]
[White "Mi, Gufeng"]
[Black "Genov, Valentin"]
[Result "0-1"]
[WhiteElo "1544"]
[BlackElo "1830"]
[PlyCount "114"]
[EventDate "2023.09.30"]
[EventType "swiss"]
[EventRounds "7"]
[WhiteTeam "Niendorfer TSV 1919 SAbt"]
[BlackTeam "SK Kirchweyhe 1947"]

1. d4 Nf6 2. Nf3 e6 3. Bf4 c5 4. e3 b6 5. Bd3 Bb7 6. c3 Be7 7. Nbd2 O-O 8. Qc2
cxd4 9. exd4 d6 10. O-O Nbd7 11. Ng5 h6 12. Nge4 Nxe4 13. Nxe4 Nf6 14. Rfe1
Nxe4 15. Bxe4 Bxe4 16. Qxe4 d5 17. Qe5 Kh7 18. Re3 g5 19. Bg3 Bf6 20. Qd6 Qxd6
21. Bxd6 Rfd8 22. Ba3 Rd7 23. g4 Be7 24. Bxe7 Rxe7 25. Rae1 b5 26. a3 a5 27.
Kg2 Rb7 28. Ra1 Rc8 29. h4 b4 30. axb4 axb4 31. hxg5 hxg5 32. Rh1+ Kg6 33. Reh3
Rg8 34. Rh6+ Kg7 35. Rh7+ Kf8 36. Ra1 bxc3 37. bxc3 Ke7 38. Kf1 Rc8 39. Rc1 Rb4
40. Ra1 Rxc3 41. Ra7+ Kd6 42. Rhxf7 Rxd4 43. Ra6+ Rc6 44. Rxc6+ Kxc6 45. f3 Rf4
46. Rg7 Rxf3+ 47. Kg2 Rf8 48. Rxg5 d4 49. Ra5 Kd6 50. g5 Rf5 51. Rxf5 exf5 52.
Kf3 Ke5 53. Ke2 f4 54. Kf3 d3 55. Kf2 Kf5 56. g6 Kxg6 57. Ke1 f3 0-1

[Event "100 Jahre Schvgg Blankenese - Open 2023"]
[Site "Lise-Meitner-Gymnasium (HH)"]
[Date "2023.10.03"]
[Round "7.24"]
[White "He, Saiqi"]
[Black "Paulsen, Tino"]
[Result "1/2-1/2"]
[WhiteElo "1460"]
[BlackElo "1786"]
[PlyCount "45"]
[EventDate "2023.09.30"]
[EventType "swiss"]
[EventRounds "7"]
[WhiteTeam "SchVgg Blankenese von 1923 e.V."]
[BlackTeam "SC Turm Lüneburg e.V."]

1. e4 Nf6 2. Nc3 d5 3. exd5 Nxd5 4. Bc4 Nb6 5. Bb3 Nc6 6. d3 g6 7. Be3 Bg7 8.
Qd2 O-O 9. h4 h5 10. Nge2 Nd7 11. Nf4 Kh7 12. Qe2 Nf6 13. O-O-O Nd4 14. Bxd4
Qxd4 15. g3 e5 16. Nfd5 Nxd5 17. Nxd5 c6 18. Nc3 a5 19. Ne4 f6 20. c3 Qb6 21.
Kb1 a4 22. Bc2 Qc7 23. d4 1/2-1/2

[Event "100 Jahre Schvgg Blankenese - Open 2023"]
[Site "Lise-Meitner-Gymnasium (HH)"]
[Date "2023.10.03"]
[Round "7.25"]
[White "Winkelmann, Martin"]
[Black "Bächler, Andreas"]
[Result "0-1"]
[WhiteElo "1769"]
[BlackElo "1552"]
[PlyCount "122"]
[EventDate "2023.09.30"]
[EventType "swiss"]
[EventRounds "7"]
[WhiteTeam "SF Buxtehude"]
[BlackTeam "SC Turm Lüneburg e.V."]

1. Nf3 Nf6 2. g3 g6 3. Bg2 Bg7 4. O-O O-O 5. d3 c5 6. e4 d6 7. Nbd2 Nc6 8. c3
e5 9. a4 d5 10. Qe2 d4 11. Nc4 Nd7 12. cxd4 cxd4 13. Bd2 a5 14. Ne1 Nb6 15. f4
Nxc4 16. dxc4 f5 17. Nd3 Qc7 18. fxe5 Nxe5 19. b3 Nxd3 20. Qxd3 Bd7 21. Rae1
Rae8 22. exf5 Bxf5 23. Bd5+ Kh8 24. Be4 Bh3 25. Rf4 Rxf4 26. Bxf4 Qd7 27. Bd2
b6 28. Bg2 Bf5 29. Be4 Bh3 30. Re2 Re6 31. Rf2 Rf6 32. Rxf6 Bxf6 33. Qf3 Kg7
34. Bc6 Qf5 35. Be4 Qd7 36. Qf4 g5 37. Qf3 Bg4 38. Qd3 h6 39. Bh7 Bh5 40. Bf5
Qe7 41. Kf2 Qc5 42. g4 Bf7 43. Be1 Qd6 44. Kg2 Be5 45. Bg3 Bxg3 46. Qxg3 Qxg3+
47. Kxg3 Kf6 48. Kf3 Ke5 49. Bd3 Be8 50. Be4 Bd7 51. h3 Kd6 52. Bd5 Ke5 53. Be4
Be8 54. Bd3 Bc6+ 55. Kf2 Kf4 56. Bc2 Be4 57. Bxe4 Kxe4 58. Ke2 d3+ 59. Kd1 Ke3
60. Ke1 d2+ 61. Kd1 Kd3 0-1

[Event "100 Jahre Schvgg Blankenese - Open 2023"]
[Site "Lise-Meitner-Gymnasium (HH)"]
[Date "2023.10.03"]
[Round "7.26"]
[White "Moskalenko, Michael"]
[Black "Neller, Christian"]
[Result "0-1"]
[WhiteElo "1353"]
[BlackElo "1757"]
[PlyCount "126"]
[EventDate "2023.09.30"]
[EventType "swiss"]
[EventRounds "7"]
[WhiteTeam "Elmshorner SC von 1896"]
[BlackTeam "SF Wedel"]

1. d4 Nf6 2. c4 g6 3. Nc3 Bg7 4. e4 d6 5. Nf3 O-O 6. Be2 Nbd7 7. O-O e5 8. d5
Nc5 9. Qc2 a5 10. Be3 Nh5 11. Ne1 Nf4 12. b3 f5 13. f3 Qe7 14. a3 g5 15. Rb1
fxe4 16. fxe4 Nd7 17. b4 axb4 18. axb4 Nf6 19. c5 Ra3 20. Bf2 Rxc3 21. Qb2
Nxe2+ 22. Qxe2 Ra3 23. Nc2 Ra8 24. cxd6 cxd6 25. Ra1 Bg4 26. Qd3 Nh5 27. Rxa8
Rxa8 28. Ne3 Nf4 29. Qb3 Bd7 30. Kh1 Ne2 31. Nc4 Nd4 32. Qb2 Bb5 33. Rc1 Rc8
34. Nb6 Rxc1+ 35. Qxc1 Qd8 36. Qc8 Qxc8 37. Nxc8 Bf8 38. Be3 h6 39. g4 Bd3 40.
Bxd4 exd4 41. Kg1 Bxe4 42. Nb6 Bf3 43. Kf2 Bxg4 44. Ke1 Kf7 45. Kd2 Bf5 46. Nc4
Be4 47. Nb6 Kg6 48. Nc4 Bxd5 49. Nb2 Be4 50. b5 Bg7 51. Nc4 Be5 52. h3 Kh5 53.
Ke2 Kh4 54. Nd2 Bd5 55. Kf2 Kxh3 56. Kg1 Bf4 57. Nb1 Bc4 58. Kf2 Be3+ 59. Kf3
g4+ 60. Ke4 g3 61. Nd2 Bxd2 62. Kf3 g2 63. Kf2 Be3+ 0-1

[Event "100 Jahre Schvgg Blankenese - Open 2023"]
[Site "Lise-Meitner-Gymnasium (HH)"]
[Date "2023.10.03"]
[Round "7.27"]
[White "Schulze, Tim"]
[Black "Bürgener, Richard"]
[Result "0-1"]
[WhiteElo "1718"]
[BlackElo "1490"]
[PlyCount "102"]
[EventDate "2023.09.30"]
[EventType "swiss"]
[EventRounds "7"]
[WhiteTeam "SC Turm Lüneburg e.V."]
[BlackTeam "SV Bad Bevensen"]

1. Nf3 d5 2. d4 Nf6 3. c4 e6 4. Nc3 Be7 5. Bg5 O-O 6. e3 b6 7. cxd5 Nxd5 8.
Bxe7 Qxe7 9. Nxd5 exd5 10. Qb3 Be6 11. Bd3 c5 12. Qc2 h6 13. dxc5 bxc5 14. O-O
Nd7 15. Rac1 Rfc8 16. Rfd1 Rab8 17. b3 c4 18. bxc4 dxc4 19. Bh7+ Kh8 20. Bf5
Rc7 21. Bxe6 Qxe6 22. Nd4 Qa6 23. Qe2 Qa4 24. h3 c3 25. Nb3 Nb6 26. Rc2 Rbc8
27. Rd3 Qe4 28. Rd4 Qg6 29. e4 Rc4 30. Qd3 Kh7 31. f3 Qc6 32. e5+ Qg6 33. Qxg6+
Kxg6 34. Rd3 Kf5 35. Nd4+ Kxe5 36. Nb5 R8c5 37. Nxc3 Kf5 38. g4+ Kg6 39. Kf1
Nd5 40. Nxd5 Rxc2 41. Ne7+ Kf6 42. Nf5 Rxa2 43. Rd6+ Ke5 44. f4+ Kxf4 45. Rd4+
Ke5 46. Rd1 Rca5 47. Rd7 Ra1+ 48. Kg2 R5a2+ 49. Kg3 Ra3+ 50. Kh4 g5+ 51. Kh5
Rxh3+ 0-1

[Event "100 Jahre Schvgg Blankenese - Open 2023"]
[Site "Lise-Meitner-Gymnasium (HH)"]
[Date "2023.10.03"]
[Round "7.28"]
[White "Emami, Madjid"]
[Black "Zweig, Gregor"]
[Result "1-0"]
[WhiteElo "1852"]
[BlackElo "1192"]
[PlyCount "69"]
[EventDate "2023.09.30"]
[EventType "swiss"]
[EventRounds "7"]
[WhiteTeam "Hamburger SK von 1830 eV"]
[BlackTeam "SK Union Eimsbuettel eV"]

1. g3 Nf6 2. Bg2 d5 3. Nf3 Bf5 4. d3 e6 5. O-O h6 6. Nbd2 c6 7. b3 Be7 8. Bb2
Nbd7 9. c4 O-O 10. a3 a5 11. Ra2 Re8 12. Qa1 dxc4 13. Nxc4 Nc5 14. Nfd2 a4 15.
b4 Nb3 16. Qd1 Nd4 17. Ra1 Bg4 18. Re1 Nb5 19. Nf3 Bxf3 20. Bxf3 Nd4 21. Bg2
Nb3 22. Rb1 Nd5 23. d4 Bf6 24. e3 Rc8 25. Qe2 Qc7 26. Rbd1 Red8 27. Be4 b5 28.
Nd2 Nxd2 29. Rxd2 e5 30. Rc1 Qd6 31. dxe5 Bxe5 32. Bxe5 Qxe5 33. Rd4 Nc3 34.
Rxc3 Rxd4 35. exd4 1-0

[Event "100 Jahre Schvgg Blankenese - Open 2023"]
[Site "Lise-Meitner-Gymnasium (HH)"]
[Date "2023.10.03"]
[Round "7.29"]
[White "Topalov, Mihail"]
[Black "Müller, Marius"]
[Result "1-0"]
[WhiteElo "1853"]
[BlackElo "1672"]
[PlyCount "89"]
[EventDate "2023.09.30"]
[EventType "swiss"]
[EventRounds "7"]
[WhiteTeam "SK Johanneum Eppendorf"]
[BlackTeam "Hamburger SK von 1830 eV"]

1. e4 c5 2. Nf3 Nc6 3. d4 cxd4 4. Nxd4 Nf6 5. Nc3 e5 6. Ndb5 d6 7. Bg5 a6 8.
Na3 b5 9. Bxf6 gxf6 10. Nd5 Bg7 11. c3 f5 12. exf5 Bxf5 13. Nc2 O-O 14. Nce3
Be6 15. Bd3 f5 16. Qh5 e4 17. Bc2 Ne7 18. Bb3 f4 19. Nxe7+ Qxe7 20. Bxe6+ Qxe6
21. Qd5 Qxd5 22. Nxd5 Ra7 23. O-O Rf5 24. Rad1 f3 25. g3 Bh6 26. Rfe1 Re5 27.
Rd4 e3 28. Nxe3 Bxe3 29. fxe3 d5 30. Kf2 Rf7 31. Rg4+ Kh8 32. Rf4 Rfe7 33. Kxf3
a5 34. a3 Kg7 35. h4 Kg6 36. e4 R7e6 37. Re3 Kg7 38. b4 axb4 39. axb4 Kg6 40.
g4 h6 41. h5+ Kg7 42. Rf5 Rxe4 43. Rxe4 Rxe4 44. Rxd5 Rc4 45. Rc5 1-0

[Event "100 Jahre Schvgg Blankenese - Open 2023"]
[Site "Lise-Meitner-Gymnasium (HH)"]
[Date "2023.10.03"]
[Round "7.30"]
[White "Loayza, Ignacio"]
[Black "Fellberg, Justus"]
[Result "1-0"]
[WhiteElo "1732"]
[BlackElo "1628"]
[PlyCount "55"]
[EventDate "2023.09.30"]
[EventType "swiss"]
[EventRounds "7"]
[WhiteTeam "USG Chemnitz"]
[BlackTeam "SK Wilhelmsburg 1936 eV"]

1. d4 Nf6 2. c4 e5 3. d5 Bc5 4. Nc3 d6 5. Qc2 Bg4 6. Bg5 h6 7. Bh4 g5 8. Bg3
Nh5 9. e3 Qc8 10. Be2 Nxg3 11. hxg3 Bxe2 12. Ngxe2 c6 13. O-O-O cxd5 14. Rxd5
Qe6 15. Ne4 Qe7 16. Rhd1 Nd7 17. Nxd6+ Bxd6 18. Qa4 O-O 19. Rxd6 Nb6 20. Qb4
Qc7 21. b3 f6 22. Nc3 Rad8 23. Nb5 Qb8 24. c5 Rxd6 25. Rxd6 Rc8 26. Kb2 a6 27.
Nc3 Rd8 28. Qxb6 1-0

[Event "100 Jahre Schvgg Blankenese - Open 2023"]
[Site "Lise-Meitner-Gymnasium (HH)"]
[Date "2023.10.03"]
[Round "7.31"]
[White "Voigt, Dominik"]
[Black "Wolff, Ole"]
[Result "0-1"]
[WhiteElo "1707"]
[BlackElo "1375"]
[PlyCount "118"]
[EventDate "2023.09.30"]
[EventType "swiss"]
[EventRounds "7"]
[WhiteTeam "HSK Lister Turm"]
[BlackTeam "SchVgg Blankenese von 1923 e.V."]

1. e4 e6 2. d4 d5 3. Nd2 c5 4. Ngf3 Nc6 5. exd5 Qxd5 6. Bc4 Qd8 7. dxc5 Bxc5 8.
O-O Nf6 9. Qe2 O-O 10. Nb3 Be7 11. Bf4 Bd7 12. Rad1 a6 13. c3 Na5 14. Nxa5 Qxa5
15. Bb3 Ba4 16. Bc7 Qxc7 17. Bxa4 Qf4 18. Bc2 Rad8 19. g3 Qc7 20. a4 Rxd1 21.
Rxd1 Bc5 22. b4 Be7 23. Qe5 Qxe5 24. Nxe5 Rc8 25. Rc1 g6 26. Bd1 Bxb4 27. c4 a5
28. Nd3 Nd7 29. Bf3 b6 30. Bb7 Rc7 31. Ba6 Nc5 32. Nxb4 axb4 33. Bb5 Kf8 34.
Kf1 Rc8 35. Rd1 Ke7 36. Ke2 Rd8 37. Rxd8 Kxd8 38. f3 Ke7 39. Kd2 Kd6 40. Be8 f6
41. Kc2 Ke5 42. Kd2 g5 43. Ke3 f5 44. f4+ gxf4+ 45. gxf4+ Kd6 46. Kd4 Nb3+ 47.
Ke3 e5 48. Bf7 Nc5 49. Bg8 exf4+ 50. Kxf4 b3 51. Bxh7 Nd3+ 52. Ke3 b2 53. Bxf5
b1=Q 54. Bxd3 Qg1+ 55. Kd2 Qxh2+ 56. Kc3 Kc5 57. Bc2 Qg3+ 58. Bd3 Qe1+ 59. Kb3
Qb4+ 0-1